000 00494nam a2200181Ia 4500
005 20250326123825.0
008 250326s9999 xx 000 0 und d
037 _aTextbook
040 _aFMSL
_beng
_cFMSL
041 _aeng
_2eng
084 _aS:73(T) K5
_qFMSL
100 _aKlausmeier H J
_9736132
245 0 _aLearning and human ability
_cKlausmeier H J
260 _aNY
_bNY, Harper & Row
_c1965
300 _a562p
942 _cTB
_hS:73(T) K5
999 _c1271094
_d1271094